Dinesh NCERT NEET & You Physics/ (Record no. 213679)
[ view plain ]
| 000 -LEADER | |
|---|---|
| fixed length control field | 00704nam a2200217 4500 |
| 005 - DATE AND TIME OF LATEST TRANSACTION | |
| control field | 20251028120658.0 |
| 010 ## - LCCN (DPL NO) | |
| LC control number | ENG-146985-986 |
| 020 ## - INTERNATIONAL STANDARD BOOK NUMBER | |
| International Standard Book Number | 9789389800128 |
| Terms of availability | 1045.00 |
| 035 ## - SYSTEM CONTROL NUMBER | |
| System control number | EN-130517-518 |
| 037 ## - SOURCE OF ACQUISITION | |
| Source of stock number/acquisition | DBAD |
| 082 ## - DEWEY DECIMAL CLASSIFICATION NUMBER | |
| Edition number | 1 |
| Classification number | 530 |
| 100 ## - MAIN ENTRY--PERSONAL NAME | |
| Personal name | Jain, Keshav |
| 245 ## - TITLE STATEMENT | |
| Title | Dinesh NCERT NEET & You Physics/ |
| Statement of responsibility, etc | Keshav Jain |
| 250 ## - EDITION STATEMENT | |
| Edition statement | 1 |
| 260 ## - PUBLICATION, DISTRIBUTION, ETC. (IMPRINT) | |
| Place of publication, distribution, etc | Delhi |
| Name of publisher, distributor, etc | S. Dinesh & Co. |
| Date of publication, distribution, etc | 2025 |
| 270 ## - ADDRESS | |
| Address | 4265, Gali No. 3, Mohalla Panjabian, Ansari Road, Darya Ganj |
| City | Delhi |
| Telephone number | 011-23250628 |
| -- | 011-23250058 |
| Electronic mail address | sdineshdelhi@gmail.com |
| 300 ## - PHYSICAL DESCRIPTION | |
| Extent | 598p., 584p. |
| Other physical details | 28cm(pb) |
| 490 ## - SERIES STATEMENT | |
| Volume number/sequential designation | Vol 1,2 |
| 500 ## - GENERAL NOTE | |
| General note | Vol 1 For Class XI<br/>Vol 2 For Class XII |
| 942 ## - ADDED ENTRY ELEMENTS (KOHA) | |
| Source of classification or shelving scheme | Dewey Decimal Classification |
| Item type | English Books |
| Edition | 1 |
| Classification part | 530 |
| Call number suffix | JAI |
| Withdrawn status | Lost status | Materials specified (bound volume or other part) | Not for loan | Collection code | Home library | Current library | Date acquired | Source of acquisition | Cost, normal purchase price | Full call number | Barcode | Copy number | Cost, replacement price | Koha item type |
|---|---|---|---|---|---|---|---|---|---|---|---|---|---|---|
| VOL-1 | Non-fiction | Mobile Library | Mobile Library | 28/10/2025 | Delivery of Books Act Division | 522.50 | 530 JAI | EN-130517 | 1 | 522.50 | English Books | |||
| VOL-2 | Non-fiction | Mobile Library | Mobile Library | 28/10/2025 | Delivery of Books Act Division | 522.50 | 530 JAI | EN-130518 | 1 | 522.50 | English Books |
